000 01631cam a22004694i 4500
003 PE-LiUPU
005 20250731180119.0
008 150623s r 000 0 d
035 _a(Sirsi) a26517
040 _aPE-LiUPU
_bspa
_cPE-LiUPU
_erda
082 0 4 _a512
_bK38
_221
100 1 _aKelley, John L.,
_eautor.
245 1 0 _aIntroducción moderna al algebra /
_cJohn L. Kelley.
264 1 _aCali, Colombia :
_bEditorial Norma,
_c1968.
300 _a226 páginas :
_bilustraciones, gráficos ;
_c26 cm.
336 _atext
_2rdacontent
337 _aunmediated
_2rdamedia
338 _avolume
_2rdacarrier
505 0 _aAxiomas sobre los números. Conjuntos y números. Vectores y rectas. El plano complejo. Productos interiores. Geometría vectorial. Algebra lineal. Respuestas a los problemas de orden impar. Lista de símbolos.
526 _aSEG44
526 _aSEG26
526 _aP159
526 _aP155
526 _aP154
526 _aP153
526 _aP150
526 _aP100
526 _aP31
526 _aP30
526 _aP26
526 _aP25
526 _aP24
526 _aP22
526 _aP15
526 _aP10
650 0 4 _aAlgebra
_xIntroducciones.
942 _2ddc
_cBOOK
949 _a512 K38
_wDEWEY
_c1
_i51799
_lCCODEBUL1
_mBUL
_p7.00
_r0
_sY
_tBOOK
_u2015-06-24
_xBIBLIOTECA
_zUNKNOWN
_0COMPRA
_o.STAFF. Colección General
596 _a1
999 _a512 K38
_wDEWEY
_c33557
_i51799
_f2021-11-5
_g7
_lCCODEBUL1
_mBUL
_p7.00
_r0
_sN
_tBOOK
_u2015-6-24
_xBIBLIOTECA
_zUNKNOWN
_0COMPRA
_o.STAFF. Colección General
_d33557
980 _81
_gALBERTO SANCHEZ Responsable de Automatización